| 000 | 01886cam a2200409 a 4500 | ||
|---|---|---|---|
| 999 |
_c28251 _d28222 |
||
| 001 | 13711919 | ||
| 003 | EG-ScBUE | ||
| 005 | 20200307124154.0 | ||
| 008 | 040907t2005 njua f b 001 0 eng d | ||
| 020 | _a0471656313 (acid-free paper) | ||
| 020 | _a9780471656319 | ||
| 040 |
_aDLC _beng _erda _cDLC _dDLC _dEG-ScBUE |
||
| 082 | 0 | 4 |
_a658.562 _bMON _222 |
| 100 | 1 |
_aMontgomery, Douglas C., _eauthor. |
|
| 245 | 1 | 0 |
_aIntroduction to statistical quality control / _cDouglas C. Montgomery, Arizona State University. |
| 250 | _aFifth edition. | ||
| 264 | 1 |
_aHoboken, N.J. : _bJohn Wiley & Sons, Inc., _c[2005] |
|
| 264 | 4 | _cc2005 | |
| 300 |
_axvi, 759 pages : _billustrations ; _c26 cm |
||
| 336 |
_2rdacontent _atext _btxt |
||
| 337 |
_2rdamedia _aunmediated _bn |
||
| 338 |
_2rdacarrier _avolume _bnc |
||
| 500 | _aIncludes appendices. | ||
| 504 | _aIncludes bibliographical references and index. | ||
| 520 | _aThis edition has a practical focus, with new coverage of statistical process control and application of control charts. The practical examples and problems have been revised to make use of packages such as Statgraphics. | ||
| 650 | 7 |
_aQuality control _xStatistical methods. _2BUEsh |
|
| 650 | 7 |
_aProcess control _xStatistical methods. _2BUEsh |
|
| 653 |
_bGGEN _cMarch2020 |
||
| 655 |
_vReading book _934232 |
||
| 856 | 4 | 1 |
_3Table of contents only _uhttp://www.loc.gov/catdir/toc/wiley051/2004556782.html |
| 856 | 4 | 2 |
_3Contributor biographical information _uhttp://www.loc.gov/catdir/enhancements/fy0621/2004556782-b.html |
| 856 | 4 | 2 |
_3Publisher description _uhttp://www.loc.gov/catdir/enhancements/fy0621/2004556782-d.html |
| 906 |
_a7 _bcbc _corigcop _d2 _encip _f20 _gy-gencatlg |
||
| 942 |
_2ddc _cBB |
||